[Event "ODJM C 2025"]
[Site "Willingen GER"]
[Date "2025.06.14"]
[Round "9"]
[White "Hirtzel, Amelie Meiyan"]
[Black "Melekestsev, Kyrylo"]
[Result "0-1"]
[Termination "normal"]
[Board "20"]
[WhiteElo "1172"]
[BlackElo "1045"]
[WhiteClock "00:38:29"]
[BlackClock "00:57:18"]
[PlyCount "104"]
[WhiteFideId "533001898"]
[BlackFideId "533015945"]
[EventCountry "GER"]
[EventRounds "9"]
[EventType "swiss"]
[EventDate "2025.06.07"]

1. d4 {[%clk 01:30:58]} {[%emt 00:00:02]} Nf6 {[%clk 01:30:56]} {[%emt
00:00:04]} 2. Nf3 {[%clk 01:31:22]} {[%emt 00:00:06]} g6 {[%clk 01:30:11]}
{[%emt 00:01:15]} 3. Bf4 {[%clk 01:31:04]} {[%emt 00:00:48]} d5 {[%clk
01:29:57]} {[%emt 00:00:44]} 4. e3 {[%clk 01:30:42]} {[%emt 00:00:52]} Bg7
{[%clk 01:29:34]} {[%emt 00:00:51]} 5. Bd3 {[%clk 01:30:08]} {[%emt 00:01:05]}
Bg4 {[%clk 01:28:39]} {[%emt 00:01:24]} 6. h3 {[%clk 01:29:36]} {[%emt
00:01:04]} Be6 {[%clk 01:28:08]} {[%emt 00:00:52]} 7. O-O {[%clk 01:29:05]}
{[%emt 00:01:10]} O-O {[%clk 01:27:34]} {[%emt 00:01:05]} 8. Nbd2 {[%clk
01:28:13]} {[%emt 00:01:22]} Nfd7 {[%clk 01:25:49]} {[%emt 00:02:13]} 9. c4
{[%clk 01:26:41]} {[%emt 00:02:04]} c5 {[%clk 01:23:30]} {[%emt 00:02:48]} 10.
Qb3 {[%clk 01:19:32]} {[%emt 00:07:40]} Qb6 {[%clk 01:21:01]} {[%emt 00:02:59]}
11. Qxb6 {[%clk 01:19:21]} {[%emt 00:00:41]} Nxb6 {[%clk 01:19:54]} {[%emt
00:01:37]} 12. b3 {[%clk 01:17:12]} {[%emt 00:02:39]} Na6 {[%clk 01:17:10]}
{[%emt 00:03:14]} 13. a3 {[%clk 01:12:34]} {[%emt 00:05:08]} Rfd8 {[%clk
01:15:32]} {[%emt 00:02:07]} 14. cxd5 {[%clk 01:09:05]} {[%emt 00:03:59]} Nxd5
{[%clk 01:13:18]} {[%emt 00:02:44]} 15. Bxa6 {[%clk 01:04:40]} {[%emt
00:04:55]} Nxf4 {[%clk 01:11:05]} {[%emt 00:02:43]} 16. Bxb7 {[%clk 01:03:42]}
{[%emt 00:01:29]} Nxh3+ {[%clk 01:11:15]} {[%emt 00:00:19]} 17. gxh3 {[%clk
01:03:46]} {[%emt 00:00:26]} Rab8 {[%clk 01:11:35]} {[%emt 00:00:09]} 18. Be4
{[%clk 01:02:24]} {[%emt 00:01:52]} cxd4 {[%clk 01:09:23]} {[%emt 00:02:44]}
19. exd4 {[%clk 01:02:03]} {[%emt 00:00:51]} Bxd4 {[%clk 01:09:26]} {[%emt
00:00:24]} 20. Kg2 {[%clk 01:01:09]} {[%emt 00:01:27]} Bxa1 {[%clk 01:09:12]}
{[%emt 00:00:44]} 21. Rxa1 {[%clk 01:01:03]} {[%emt 00:00:36]} Bxb3 {[%clk
01:08:44]} {[%emt 00:00:57]} 22. Kg3 {[%clk 00:54:40]} {[%emt 00:06:53]} Bd5
{[%clk 01:07:44]} {[%emt 00:01:25]} 23. Bxd5 {[%clk 00:54:14]} {[%emt
00:01:01]} Rxd5 {[%clk 01:07:55]} {[%emt 00:00:19]} 24. Rd1 {[%clk 00:52:36]}
{[%emt 00:02:08]} Rd3 {[%clk 01:07:36]} {[%emt 00:00:48]} 25. Kg2 {[%clk
00:52:09]} {[%emt 00:00:59]} Rxa3 {[%clk 01:07:24]} {[%emt 00:00:41]} 26. Nc4
{[%clk 00:50:10]} {[%emt 00:02:29]} Rc3 {[%clk 01:06:43]} {[%emt 00:01:04]} 27.
Nfd2 {[%clk 00:49:34]} {[%emt 00:01:13]} Rb4 {[%clk 01:05:42]} {[%emt
00:01:27]} 28. Ne3 {[%clk 00:48:35]} {[%emt 00:01:32]} Rd3 {[%clk 01:04:19]}
{[%emt 00:01:52]} 29. Kf1 {[%clk 00:47:26]} {[%emt 00:01:42]} a5 {[%clk
01:03:47]} {[%emt 00:01:01]} 30. Ke2 {[%clk 00:47:34]} {[%emt 00:00:23]} Rbd4
{[%clk 01:03:40]} {[%emt 00:00:34]} 31. Nc2 {[%clk 00:47:26]} {[%emt 00:00:40]}
Rd8 {[%clk 01:02:25]} {[%emt 00:01:45]} 32. Ne3 {[%clk 00:45:05]} {[%emt
00:02:52]} a4 {[%clk 01:01:57]} {[%emt 00:00:58]} 33. Nec4 {[%clk 00:44:56]}
{[%emt 00:00:39]} a3 {[%clk 01:01:49]} {[%emt 00:00:36]} 34. Ra1 {[%clk
00:45:02]} {[%emt 00:00:25]} Rxh3 {[%clk 01:01:39]} {[%emt 00:00:40]} 35. Nxa3
{[%clk 00:44:33]} {[%emt 00:01:00]} Ra8 {[%clk 01:01:28]} {[%emt 00:00:41]} 36.
Ndc4 {[%clk 00:44:39]} {[%emt 00:00:24]} Kf8 {[%clk 01:00:54]} {[%emt
00:01:01]} 37. f3 {[%clk 00:43:52]} {[%emt 00:01:19]} g5 {[%clk 01:00:07]}
{[%emt 00:01:16]} 38. Kf2 {[%clk 00:43:41]} {[%emt 00:00:43]} f5 {[%clk
00:59:19]} {[%emt 00:01:15]} 39. Kg2 {[%clk 00:44:00]} {[%emt 00:00:14]} g4
{[%clk 00:58:24]} {[%emt 00:01:22]} 40. Nb6 {[%clk 00:42:09]} {[%emt 00:02:22]}
Ra6 {[%clk 00:58:18]} {[%emt 00:00:36]} 41. Nbc4 {[%clk 00:39:51]} {[%emt
00:02:48]} Rxf3 {[%clk 00:58:27]} {[%emt 00:00:21]} 42. Kg1 {[%clk 00:39:25]}
{[%emt 00:00:56]} Rc3 {[%clk 00:58:31]} {[%emt 00:00:23]} 43. Kf2 {[%clk
00:37:49]} {[%emt 00:02:09]} Rxc4 {[%clk 00:58:27]} {[%emt 00:00:33]} 44. Kg3
{[%clk 00:37:05]} {[%emt 00:01:14]} Rc3+ {[%clk 00:58:28]} {[%emt 00:00:29]}
45. Kf2 {[%clk 00:37:25]} {[%emt 00:00:10]} Raxa3 {[%clk 00:58:36]} {[%emt
00:00:22]} 46. Re1 {[%clk 00:37:31]} {[%emt 00:00:23]} Ra2+ {[%clk 00:58:04]}
{[%emt 00:01:02]} 47. Kf1 {[%clk 00:37:39]} {[%emt 00:00:23]} g3 {[%clk
00:58:11]} {[%emt 00:00:23]} 48. Kg1 {[%clk 00:38:00]} {[%emt 00:00:10]} f4
{[%clk 00:56:55]} {[%emt 00:01:45]} 49. Rf1 {[%clk 00:38:06]} {[%emt 00:00:23]}
f3 {[%clk 00:56:58]} {[%emt 00:00:26]} 50. Kh1 {[%clk 00:38:10]} {[%emt
00:00:26]} g2+ {[%clk 00:57:18]} {[%emt 00:00:10]} 51. Kg1 {[%clk 00:38:29]}
{[%emt 00:00:10]} gxf1=Q+ {[%emt 00:00:14]} 52. Kxf1 {[%emt 00:00:07]} Rc1#
{[%emt 00:00:28]} 0-1

[Event "ODJM C 2025"]
[Site "Willingen GER"]
[Date "2025.06.14"]
[Round "9"]
[White "Giss, Marlene"]
[Black "Kudinov, Mykhailo"]
[Result "0-1"]
[Termination "normal"]
[Board "21"]
[WhiteElo "939"]
[BlackElo "1139"]
[WhiteClock "01:14:35"]
[BlackClock "01:23:01"]
[PlyCount "76"]
[WhiteFideId "533018391"]
[BlackFideId "533034176"]
[EventCountry "GER"]
[EventRounds "9"]
[EventType "swiss"]
[EventDate "2025.06.07"]

1. c4 {[%clk 01:30:58]} e6 {[%clk 01:30:45]} {[%emt 00:00:16]} 2. g3 {[%clk
01:31:21]} {[%emt 00:00:08]} d5 {[%clk 01:31:04]} {[%emt 00:00:10]} 3. cxd5
{[%clk 01:31:33]} {[%emt 00:00:18]} exd5 {[%clk 01:31:27]} {[%emt 00:00:07]} 4.
Bg2 {[%clk 01:31:54]} {[%emt 00:00:08]} Nf6 {[%clk 01:31:40]} {[%emt 00:00:18]}
5. d3 {[%clk 01:32:11]} {[%emt 00:00:12]} h6 {[%clk 01:31:57]} {[%emt
00:00:14]} 6. Nf3 {[%clk 01:32:34]} {[%emt 00:00:07]} Bb4+ {[%clk 01:32:14]}
{[%emt 00:00:14]} 7. Bd2 {[%clk 01:32:40]} {[%emt 00:00:23]} Bxd2+ {[%clk
01:32:28]} {[%emt 00:00:16]} 8. Nbxd2 {[%clk 01:32:55]} {[%emt 00:00:14]} Be6
{[%clk 01:32:21]} {[%emt 00:00:38]} 9. O-O {[%clk 01:33:03]} {[%emt 00:00:22]}
g5 {[%clk 01:32:24]} {[%emt 00:00:27]} 10. Qa4+ {[%clk 01:33:02]} {[%emt
00:00:31]} c6 {[%clk 01:32:12]} {[%emt 00:00:42]} 11. Ne5 {[%clk 01:32:45]}
{[%emt 00:00:46]} Qc7 {[%clk 01:31:39]} {[%emt 00:01:04]} 12. Nef3 {[%clk
01:31:34]} {[%emt 00:01:40]} Nbd7 {[%clk 01:31:50]} {[%emt 00:00:19]} 13. e4
{[%clk 01:29:51]} {[%emt 00:02:13]} g4 {[%clk 01:30:48]} {[%emt 00:01:33]} 14.
Nh4 {[%clk 01:29:54]} {[%emt 00:00:27]} O-O-O {[%clk 01:31:00]} {[%emt
00:00:17]} 15. Qxa7 {[%clk 01:30:04]} {[%emt 00:00:19]} Ne5 {[%clk 01:30:08]}
{[%emt 00:01:24]} 16. Qa8+ {[%clk 01:29:51]} {[%emt 00:00:44]} Kd7 {[%clk
01:29:41]} {[%emt 00:00:57]} 17. Qa7 {[%clk 01:29:41]} {[%emt 00:00:39]} Nxd3
{[%clk 01:29:37]} {[%emt 00:00:35]} 18. Qd4 {[%clk 01:29:17]} {[%emt 00:00:52]}
Ne5 {[%clk 01:29:34]} {[%emt 00:00:34]} 19. Nb3 {[%clk 01:28:38]} {[%emt
00:01:09]} Kc8 {[%clk 01:29:07]} {[%emt 00:00:56]} 20. Rad1 {[%clk 01:27:49]}
{[%emt 00:01:19]} b6 {[%clk 01:27:29]} {[%emt 00:02:10]} 21. Rc1 {[%clk
01:27:12]} {[%emt 00:01:06]} dxe4 {[%clk 01:25:59]} {[%emt 00:02:00]} 22. Qa4
{[%clk 01:23:11]} {[%emt 00:04:30]} Kb7 {[%clk 01:25:57]} {[%emt 00:00:34]} 23.
Nd4 {[%clk 01:20:54]} {[%emt 00:02:46]} Bd5 {[%clk 01:25:25]} {[%emt 00:01:03]}
24. a3 {[%clk 01:20:37]} {[%emt 00:00:47]} c5 {[%emt 00:02:22]} 25. Nb5 {[%clk
01:20:18]} {[%emt 00:00:48]} Ra8 {[%clk 01:23:24]} {[%emt 00:00:39]} 26. Qxa8+
{[%clk 01:19:56]} {[%emt 00:00:52]} Rxa8 {[%clk 01:23:18]} {[%emt 00:00:36]}
27. Nxc7 {[%clk 01:20:15]} {[%emt 00:00:11]} Kxc7 {[%clk 01:23:40]} {[%emt
00:00:08]} 28. b4 {[%clk 01:19:37]} {[%emt 00:01:08]} Nf3+ {[%clk 01:23:14]}
{[%emt 00:00:56]} 29. Nxf3 {[%clk 01:18:45]} {[%emt 00:01:21]} exf3 {[%clk
01:23:31]} {[%emt 00:00:14]} 30. Bh1 {[%clk 01:18:46]} {[%emt 00:00:27]} Rxa3
{[%clk 01:23:05]} {[%emt 00:00:58]} 31. bxc5 {[%clk 01:18:53]} {[%emt
00:00:23]} bxc5 {[%clk 01:22:04]} {[%emt 00:01:30]} 32. Rxc5+ {[%clk 01:19:09]}
{[%emt 00:00:13]} Kd6 {[%clk 01:22:00]} {[%emt 00:00:35]} 33. Rc2 {[%clk
01:17:44]} {[%emt 00:01:53]} Ke6 {[%clk 01:21:50]} {[%emt 00:00:42]} 34. Re1+
{[%clk 01:17:00]} {[%emt 00:01:13]} Kf5 {[%clk 01:22:09]} {[%emt 00:00:11]} 35.
Rc5 {[%clk 01:16:25]} {[%emt 00:01:05]} Kg6 {[%clk 01:21:53]} {[%emt 00:00:46]}
36. Re5 {[%clk 01:15:11]} {[%emt 00:01:44]} Ra1+ {[%clk 01:22:08]} {[%emt
00:00:14]} 37. Rc1 {[%clk 01:15:09]} {[%emt 00:00:31]} Rxc1+ {[%clk 01:22:36]}
{[%emt 00:00:03]} 38. Re1 {[%clk 01:14:35]} {[%emt 00:01:04]} Rxe1# {[%clk
01:23:01]} {[%emt 00:00:05]} 0-1

[Event "ODJM C 2025"]
[Site "Willingen GER"]
[Date "2025.06.14"]
[Round "9"]
[White "Frey, Jarmo"]
[Black "Muhl, Justinus"]
[Result "0-1"]
[Termination "normal"]
[Board "22"]
[WhiteElo "1404"]
[BlackElo "1584"]
[WhiteClock "01:19:05"]
[BlackClock "00:52:26"]
[PlyCount "58"]
[WhiteFideId "533001324"]
[BlackFideId "34635190"]
[EventCountry "GER"]
[EventRounds "9"]
[EventType "swiss"]
[EventDate "2025.06.07"]

1. e4 {[%clk 01:30:59]} e5 {[%clk 01:30:29]} {[%emt 00:00:31]} 2. Nf3 {[%clk
01:31:23]} {[%emt 00:00:06]} Nc6 {[%clk 01:30:27]} {[%emt 00:00:31]} 3. Bc4
{[%clk 01:31:44]} {[%emt 00:00:10]} Nf6 {[%clk 01:30:25]} {[%emt 00:00:32]} 4.
d3 {[%clk 01:32:06]} {[%emt 00:00:08]} Bc5 {[%clk 01:30:20]} {[%emt 00:00:34]}
5. Nc3 {[%clk 01:32:24]} {[%emt 00:00:13]} d6 {[%clk 01:29:30]} {[%emt
00:01:20]} 6. Bg5 {[%clk 01:32:47]} {[%emt 00:00:07]} h6 {[%clk 01:29:21]}
{[%emt 00:00:39]} 7. Bh4 {[%clk 01:33:12]} {[%emt 00:00:06]} Be6 {[%clk
01:28:13]} {[%emt 00:01:38]} 8. Bxe6 {[%clk 01:33:20]} {[%emt 00:00:21]} fxe6
{[%clk 01:28:36]} {[%emt 00:00:08]} 9. Qe2 {[%clk 01:33:44]} {[%emt 00:00:06]}
g5 {[%clk 01:18:20]} {[%emt 00:10:45]} 10. Bg3 {[%clk 01:32:17]} {[%emt
00:01:57]} h5 {[%clk 01:18:20]} {[%emt 00:00:31]} 11. h4 {[%clk 01:32:33]}
{[%emt 00:00:13]} g4 {[%clk 01:17:57]} {[%emt 00:00:53]} 12. Nh2 {[%clk
01:32:55]} {[%emt 00:00:07]} Nd4 {[%clk 01:15:57]} {[%emt 00:02:31]} 13. Qd2
{[%clk 01:32:34]} {[%emt 00:00:51]} Bb4 {[%clk 01:13:35]} {[%emt 00:02:52]} 14.
f3 {[%clk 01:30:37]} {[%emt 00:02:27]} Rg8 {[%clk 01:08:00]} {[%emt 00:06:04]}
15. Rg1 {[%clk 01:30:13]} {[%emt 00:00:54]} gxf3 {[%clk 01:01:59]} {[%emt
00:06:31]} 16. gxf3 {[%clk 01:30:29]} {[%emt 00:00:14]} d5 {[%clk 00:56:21]}
{[%emt 00:06:09]} 17. Bxe5 {[%clk 01:27:31]} {[%emt 00:03:27]} Rxg1+ {[%clk
00:56:07]} {[%emt 00:00:46]} 18. Kf2 {[%clk 01:26:24]} {[%emt 00:01:36]} Rxa1
{[%clk 00:55:48]} {[%emt 00:00:49]} 19. Bxd4 {[%clk 01:26:32]} {[%emt
00:00:22]} Bxc3 {[%clk 00:56:12]} {[%emt 00:00:07]} 20. Bxc3 {[%clk 01:26:39]}
{[%emt 00:00:22]} Nd7 {[%clk 00:56:09]} {[%emt 00:00:33]} 21. Qf4 {[%clk
01:26:19]} {[%emt 00:00:50]} dxe4 {[%clk 00:53:51]} {[%emt 00:02:48]} 22. fxe4
{[%clk 01:26:20]} {[%emt 00:00:29]} Qe7 {[%clk 00:52:54]} {[%emt 00:01:25]} 23.
Qxc7 {[%clk 01:24:37]} {[%emt 00:02:15]} Qxh4+ {[%clk 00:52:37]} {[%emt
00:00:47]} 24. Ke3 {[%clk 01:22:15]} {[%emt 00:02:52]} Qh3+ {[%clk 00:52:13]}
{[%emt 00:00:51]} 25. Kd2 {[%clk 01:22:03]} {[%emt 00:00:45]} Qg2+ {[%clk
00:52:22]} {[%emt 00:00:22]} 26. Ke3 {[%clk 01:22:14]} {[%emt 00:00:18]} Rd8
{[%clk 00:52:32]} {[%emt 00:00:20]} 27. Bb4 {[%clk 01:20:52]} {[%emt 00:01:51]}
Rg1 {[%clk 00:52:19]} {[%emt 00:00:44]} 28. Kd4 {[%clk 01:19:54]} {[%emt
00:01:27]} Qg7+ {[%clk 00:52:22]} {[%emt 00:00:25]} 29. e5 {[%clk 01:19:05]}
{[%emt 00:01:22]} Nxe5+ {[%clk 00:52:26]} {[%emt 00:00:26]} 0-1

[Event "ODJM C 2025"]
[Site "Willingen GER"]
[Date "2025.06.14"]
[Round "9"]
[White "Christoffers, Julia Anne"]
[Black "Neumann, Viktoria"]
[Result "1/2-1/2"]
[Termination "normal"]
[Board "23"]
[WhiteElo "1587"]
[BlackElo "972"]
[WhiteClock "00:14:18"]
[BlackClock "00:16:44"]
[PlyCount "103"]
[WhiteFideId "16249895"]
[BlackFideId "34697292"]
[EventCountry "GER"]
[EventRounds "9"]
[EventType "swiss"]
[EventDate "2025.06.07"]

1. d4 {[%clk 01:30:58]} {[%emt 00:00:01]} Nf6 {[%clk 01:30:52]} {[%emt
00:00:09]} 2. Bf4 {[%clk 01:31:24]} {[%emt 00:00:04]} g6 {[%clk 01:31:12]}
{[%emt 00:00:09]} 3. Nf3 {[%clk 01:31:48]} {[%emt 00:00:07]} Bg7 {[%clk
01:31:30]} {[%emt 00:00:11]} 4. h3 {[%clk 01:32:13]} {[%emt 00:00:05]} O-O
{[%clk 01:31:40]} {[%emt 00:00:20]} 5. e3 {[%clk 01:31:20]} {[%emt 00:01:24]}
d6 {[%clk 01:31:49]} {[%emt 00:00:21]} 6. Be2 {[%clk 01:30:41]} {[%emt
00:01:08]} c5 {[%clk 01:31:47]} {[%emt 00:00:32]} 7. O-O {[%clk 01:27:38]}
{[%emt 00:03:33]} b6 {[%clk 01:31:02]} {[%emt 00:01:16]} 8. c3 {[%clk
01:26:38]} {[%emt 00:01:30]} Bb7 {[%clk 01:29:01]} {[%emt 00:02:30]} 9. Re1
{[%clk 01:20:49]} {[%emt 00:06:19]} cxd4 {[%clk 01:27:07]} {[%emt 00:02:25]}
10. exd4 {[%clk 01:17:10]} {[%emt 00:04:09]} Nh5 {[%clk 01:24:45]} {[%emt
00:02:51]} 11. Bh2 {[%clk 01:15:18]} {[%emt 00:02:21]} Bh6 {[%clk 01:22:22]}
{[%emt 00:02:54]} 12. Nbd2 {[%clk 01:12:00]} {[%emt 00:03:49]} Na6 {[%clk
01:12:54]} {[%emt 00:09:58]} 13. b4 {[%clk 00:56:38]} {[%emt 00:15:51]} Nc7
{[%clk 01:10:28]} {[%emt 00:02:56]} 14. a4 {[%clk 00:51:05]} {[%emt 00:06:04]}
Nd5 {[%clk 01:06:18]} {[%emt 00:04:39]} 15. Qc2 {[%clk 00:46:50]} {[%emt
00:04:46]} Rc8 {[%clk 01:02:45]} {[%emt 00:04:01]} 16. c4 {[%clk 00:40:16]}
{[%emt 00:07:06]} Nxb4 {[%clk 01:02:14]} {[%emt 00:01:00]} 17. Qb2 {[%clk
00:39:11]} {[%emt 00:01:34]} Na6 {[%clk 00:56:32]} {[%emt 00:06:13]} 18. a5
{[%clk 00:37:14]} {[%emt 00:02:28]} Rb8 {[%clk 00:45:56]} {[%emt 00:11:06]} 19.
Reb1 {[%clk 00:33:10]} {[%emt 00:04:34]} bxa5 {[%clk 00:44:40]} {[%emt
00:01:45]} 20. Qa3 {[%clk 00:29:14]} {[%emt 00:04:26]} Nb4 {[%clk 00:35:49]}
{[%emt 00:09:22]} 21. Qxa5 {[%clk 00:25:02]} {[%emt 00:04:42]} Nc6 {[%clk
00:31:37]} {[%emt 00:04:40]} 22. Qc3 {[%clk 00:23:42]} {[%emt 00:01:49]} Bxd2
{[%clk 00:28:54]} {[%emt 00:03:14]} 23. Nxd2 {[%clk 00:23:06]} {[%emt
00:01:07]} e5 {[%clk 00:26:16]} {[%emt 00:03:08]} 24. d5 {[%clk 00:22:28]}
{[%emt 00:01:08]} Nd4 {[%clk 00:25:41]} {[%emt 00:01:04]} 25. Qd3 {[%clk
00:20:57]} {[%emt 00:02:02]} Ba8 {[%clk 00:22:44]} {[%emt 00:03:27]} 26. Rxa7
{[%clk 00:18:10]} {[%emt 00:03:17]} Rxb1+ {[%clk 00:21:32]} {[%emt 00:01:41]}
27. Nxb1 {[%clk 00:18:37]} {[%emt 00:00:04]} Nxe2+ {[%clk 00:21:00]} {[%emt
00:01:02]} 28. Qxe2 {[%clk 00:19:03]} {[%emt 00:00:04]} Qb6 {[%clk 00:20:45]}
{[%emt 00:00:45]} 29. Ra1 {[%clk 00:18:30]} {[%emt 00:01:04]} Qd4 {[%clk
00:20:18]} {[%emt 00:00:56]} 30. Ra6 {[%clk 00:17:42]} {[%emt 00:01:18]} Rd8
{[%clk 00:19:26]} {[%emt 00:01:22]} 31. Nd2 {[%clk 00:16:32]} {[%emt 00:01:41]}
Qb2 {[%clk 00:19:02]} {[%emt 00:00:53]} 32. Qe3 {[%clk 00:15:44]} {[%emt
00:01:17]} Qc1+ {[%clk 00:18:51]} {[%emt 00:00:42]} 33. Nf1 {[%clk 00:15:21]}
{[%emt 00:00:54]} Qxc4 {[%clk 00:19:04]} {[%emt 00:00:17]} 34. Qb6 {[%clk
00:13:47]} {[%emt 00:02:04]} Qc8 {[%clk 00:17:56]} {[%emt 00:01:38]} 35. Ne3
{[%clk 00:13:23]} {[%emt 00:00:55]} Bb7 {[%clk 00:16:15]} {[%emt 00:02:10]} 36.
Ra1 {[%clk 00:11:19]} {[%emt 00:02:33]} Rd7 {[%clk 00:14:35]} {[%emt 00:02:11]}
37. Rd1 {[%clk 00:09:56]} {[%emt 00:01:53]} f5 {[%clk 00:12:29]} {[%emt
00:02:36]} 38. g4 {[%clk 00:05:50]} {[%emt 00:04:36]} fxg4 {[%clk 00:09:44]}
{[%emt 00:03:15]} 39. Nxg4 {[%clk 00:05:40]} {[%emt 00:00:40]} Qc5 {[%clk
00:07:25]} {[%emt 00:02:49]} 40. Qxc5 {[%clk 00:01:24]} {[%emt 00:04:47]} dxc5
{[%clk 00:07:44]} {[%emt 00:00:10]} 41. Nxe5 {[%clk 00:00:35]} {[%emt
00:01:19]} Rxd5 {[%clk 00:03:05]} {[%emt 00:05:08]} 42. Rb1 {[%clk 00:29:15]}
{[%emt 00:01:50]} Ba6 {[%clk 00:31:22]} {[%emt 00:02:13]} 43. Rb6 {[%clk
00:27:25]} {[%emt 00:02:21]} Bd3 {[%clk 00:29:28]} {[%emt 00:02:24]} 44. Rb8+
{[%clk 00:27:04]} {[%emt 00:00:51]} Kg7 {[%clk 00:29:26]} {[%emt 00:00:32]} 45.
Rc8 {[%clk 00:26:55]} {[%emt 00:00:39]} Bf5 {[%clk 00:28:24]} {[%emt 00:01:32]}
46. Rc7+ {[%clk 00:23:41]} {[%emt 00:03:45]} Kf6 {[%clk 00:23:49]} {[%emt
00:05:05]} 47. Rc6+ {[%clk 00:21:48]} {[%emt 00:02:23]} Be6 {[%clk 00:22:11]}
{[%emt 00:02:08]} 48. Nc4 {[%clk 00:18:55]} {[%emt 00:03:23]} Ke7 {[%clk
00:21:02]} {[%emt 00:01:39]} 49. Nb6 {[%clk 00:15:55]} {[%emt 00:03:30]} Rd1+
{[%clk 00:18:45]} {[%emt 00:02:46]} 50. Kg2 {[%clk 00:15:47]} {[%emt 00:00:38]}
Rc1 {[%clk 00:18:01]} {[%emt 00:01:14]} 51. Bd6+ {[%clk 00:15:26]} {[%emt
00:00:52]} Kf6 {[%clk 00:16:44]} {[%emt 00:01:46]} 52. Rxc5 {[%clk 00:14:18]}
{[%emt 00:01:38]} 1/2-1/2

[Event "ODJM C 2025"]
[Site "Willingen GER"]
[Date "2025.06.14"]
[Round "9"]
[White "Dimitrov, Pavel"]
[Black "Richter, Mila"]
[Result "1/2-1/2"]
[Termination "normal"]
[Board "24"]
[WhiteElo "1011"]
[BlackElo "1231"]
[WhiteClock "01:12:59"]
[BlackClock "00:31:15"]
[PlyCount "49"]
[WhiteFideId "533028206"]
[BlackFideId "533025568"]
[EventCountry "GER"]
[EventRounds "9"]
[EventType "swiss"]
[EventDate "2025.06.07"]

1. e4 {[%clk 01:30:57]} {[%emt 00:00:03]} e5 {[%clk 01:30:59]} {[%emt
00:00:02]} 2. Nf3 {[%clk 01:31:18]} {[%emt 00:00:09]} d6 {[%clk 01:31:18]}
{[%emt 00:00:11]} 3. d4 {[%clk 01:31:23]} {[%emt 00:00:24]} exd4 {[%clk
01:31:43]} {[%emt 00:00:05]} 4. Nxd4 {[%clk 01:31:43]} {[%emt 00:00:08]} Nf6
{[%clk 01:31:51]} {[%emt 00:00:25]} 5. Nc3 {[%clk 01:32:04]} {[%emt 00:00:08]}
Bg4 {[%clk 01:30:54]} {[%emt 00:01:27]} 6. f3 {[%clk 01:32:05]} {[%emt
00:00:28]} Be6 {[%clk 01:30:50]} {[%emt 00:00:35]} 7. Be3 {[%clk 01:32:12]}
{[%emt 00:00:21]} d5 {[%clk 01:28:21]} {[%emt 00:03:02]} 8. exd5 {[%clk
01:32:19]} {[%emt 00:00:24]} Bxd5 {[%clk 01:28:05]} {[%emt 00:00:45]} 9. Be2
{[%clk 01:32:05]} {[%emt 00:00:41]} Bb4 {[%clk 01:24:58]} {[%emt 00:03:40]} 10.
Qd3 {[%clk 01:32:08]} {[%emt 00:00:26]} a6 {[%clk 01:17:51]} {[%emt 00:07:39]}
11. O-O {[%clk 01:31:32]} {[%emt 00:01:04]} O-O {[%clk 01:16:27]} {[%emt
00:01:55]} 12. Bg5 {[%clk 01:31:23]} {[%emt 00:00:33]} c6 {[%clk 01:08:09]}
{[%emt 00:08:54]} 13. a3 {[%clk 01:29:56]} {[%emt 00:01:56]} Bc5 {[%clk
01:07:34]} {[%emt 00:01:06]} 14. b4 {[%clk 01:29:34]} {[%emt 00:00:51]} Bb6
{[%clk 01:07:38]} {[%emt 00:00:26]} 15. Kh1 {[%clk 01:29:17]} {[%emt 00:00:45]}
h6 {[%clk 01:06:43]} {[%emt 00:01:28]} 16. Bh4 {[%clk 01:28:01]} {[%emt
00:01:44]} Bc7 {[%clk 00:55:50]} {[%emt 00:11:24]} 17. Qf5 {[%clk 01:26:31]}
{[%emt 00:01:54]} Qd6 {[%clk 00:50:46]} {[%emt 00:05:40]} 18. Bg3 {[%clk
01:26:05]} {[%emt 00:00:53]} Qe7 {[%clk 00:46:32]} {[%emt 00:04:40]} 19. Bxc7
{[%clk 01:25:50]} {[%emt 00:00:51]} Qxc7 {[%clk 00:46:51]} {[%emt 00:00:11]}
20. Bd3 {[%clk 01:24:12]} {[%emt 00:02:08]} Nbd7 {[%clk 00:44:03]} {[%emt
00:03:21]} 21. Rfe1 {[%clk 01:22:49]} {[%emt 00:01:48]} Rfe8 {[%clk 00:37:30]}
{[%emt 00:07:06]} 22. Ne4 {[%clk 01:13:50]} {[%emt 00:09:12]} Bxe4 {[%clk
00:33:30]} {[%emt 00:04:48]} 23. Bxe4 {[%clk 01:13:10]} {[%emt 00:01:09]} Nxe4
{[%clk 00:33:16]} {[%emt 00:00:44]} 24. Rxe4 {[%clk 01:13:16]} {[%emt
00:00:24]} Nf6 {[%clk 00:31:15]} {[%emt 00:02:32]} 25. Rxe8+ {[%clk 01:12:59]}
{[%emt 00:00:30]} 1/2-1/2